000 00745nam a22002057a 4500
005 20150108145956.0
010 _aENG-111530
020 _c545.00
_a9788189923402
035 _aEN-95062
037 _bDBAD/PUB
082 _a574
100 _aVerma,V.
245 _aPreparatory to biology for medical entrance exams :
_cby V.Verma [and] O.P.Arora
_bCBSE-AIPMT,AIIMS,AFMC,AMU,MANIPAL,J&K CET,BHU,CET (Karnataka),and other regional level exams /
260 _aNew Delhi
_bNew Light Publishers
_c2015
270 _aB-8,Rattan Jyoti,18,Rajendra Place
_bNew Delhi
_e110008
300 _avarious pagings :
_c28cm(pbk)
_bill.
490 _aNew light's prepatory books series
700 _aArora,O.P.
942 _2ddc
_cEN
_mVER
_h574
999 _c90600
_d90600